Albums de Michel Sardou - Statistiques

Statistiques générales
  • Ce quiz a été pris 21 fois
  • Le résultat moyen est 20 sur 46
Statistiques - réponses
Hint Type de quiz Réponse % Correct
1981 Studio Les lacs du Connemara
88%
1970 Studio J'habite en France
75%
1982 Studio Il était là (le fauteuil)/Afrique adieu
69%
1984 Studio Io Domenico/Rouge
69%
2024 Live Je me souviens d'un adieu
69%
1973 Studio La maladie d'amour
69%
1978 Studio Je vole
63%
2018 Live La dernière danse
63%
1987 Studio Musulmanes
63%
1983 Studio Vladimir Ilitch
63%
1972 Studio Danton
56%
2000 Studio Français
56%
1976 Studio La vieille
56%
2017 Studio Le choix du fou
56%
1968 Studio/Compil' Petit/Les ricains
56%
1979 Studio Verdun/Je ne suis pas mort, je dors
56%
1985 Studio Chanteur de Jazz
50%
1977 Studio La java de Broadway/Comme d'habitude
50%
1992 Studio Le bac G
50%
1988 Studio Le successeur/La même eau qui coule
50%
1997 Studio Salut
50%
1998 Live Bercy 98
44%
2010 Studio Être une femme (2010)
44%
1980 Studio Victoria/La génération Loving You
44%
1991 Live Bercy 91
38%
2006 Studio Hors format
38%
1990 Studio Le privilège
38%
1971 Live Olympia 71/Enregistrement public à l'Olympia
38%
1975 Live Olympia 75
38%
2001 Live Bercy 2001
31%
1989 Live Bercy 89
31%
1993 Live Bercy 93
31%
2004 Studio Du plaisir
31%
1976 Live Olympia 76
31%
1981 Live Palais des congrès 81
31%
2005 Live Palais des sports 2005
31%
1989 Studio Sardou 66
31%
1994 Studio Selon que vous serez etc, etc
31%
1983 Live Vivant 83
31%
1995 Live Olympia 95
25%
1979 Live Palais des congrès 78
25%
2007 Live Zénith 2007
25%
1985 Live Concert 85
19%
2011 Live Confidences et retrouvailles
19%
1987 Live Concert 87
13%
2013 Live Les grands moments à l'Olympia
13%
Aucun quiz correspondant
Distribution des résultats
% des personnes avec chaque résultat
Percentile par nombre de réponses
Votre historique - résultats
Vous n’avez pas pris ce quiz